00338nam a2200145Ia 4500008004100000020001500041041001200056082001600068100001500084245004100099260002500140300000800165650000700173700001200180221030s9999 xx 000 0 und d a0074601652 aEnglish a105.23bJai aP. K. Jain 0aNetwork Filters & Transmission Lines bTMHaNew Delhic1996 a381 aEE aG. Kaur